|
|
|
|
| LEADER |
00868nab a2200253 i 4500 |
| 001 |
publ18940 |
| 005 |
20200615110115.0 |
| 008 |
200615s2020 hu o 0|| zxx d |
| 022 |
|
|
|a 1215-5233
|
| 024 |
7 |
|
|a 10.14232/ISKKULT.2020.3.3
|2 doi
|
| 024 |
7 |
|
|a 31342380
|2 mtmt
|
| 040 |
|
|
|a SZTE Publicatio Repozitórium
|b hun
|
| 041 |
|
|
|a zxx
|
| 100 |
1 |
|
|a Szabó Éva
|
| 245 |
1 |
0 |
|a Mi van a kiégés-fogékonyság mögött?
|h [elektronikus dokumentum] /
|c Szabó Éva
|
| 260 |
|
|
|c 2020
|
| 300 |
|
|
|a 3-17
|
| 490 |
0 |
|
|a ISKOLAKULTÚRA: PEDAGÓGUSOK SZAKMAI-TUDOMÁNYOS FOLYÓIRATA
|v 30 No. 3
|
| 700 |
0 |
1 |
|a Bátor Bettina
|e aut
|
| 700 |
0 |
1 |
|a Bobor Péter
|e aut
|
| 700 |
0 |
1 |
|a Korláth Petra
|e aut
|
| 700 |
0 |
1 |
|a Szappanos Csilla
|e aut
|
| 700 |
0 |
1 |
|a Jagodics Balázs
|e aut
|
| 856 |
4 |
0 |
|u http://publicatio.bibl.u-szeged.hu/18940/1/33261-ArticleText-36641-1-10-20200429.pdf
|z Dokumentum-elérés
|